Pháp luật thuế tài nguyên - Thực trạng áp dụng đối với hoạt động khai thác đá : Luận văn Thạc sĩ Luật học. Chuyên ngành Luật Kinh tế

Nghiên cứu phân tích và làm rõ các quy định pháp luật về thuế tài nguyên đối với hoạt động khai thác đá.

Đã lưu trong:
Sonraí Bibleagrafaíochta
Príomhúdar: Huỳnh, Tố Uyên
Formáid: Leabhar
Teanga:Undetermined
Foilsithe: Cần Thơ Trường Đại học Cần Thơ 2017
Ábhair:
Clibeanna: Cuir Clib Leis
Gan Chlibeanna, Bí ar an gcéad duine leis an taifead seo a chlibeáil!
Thư viện lưu trữ: Trung tâm Học liệu Trường Đại học Cần Thơ
LEADER 00995nam a2200205Ia 4500
001 CTU_224418
008 210402s9999 xx 000 0 und d
082 |a 343.59704 
082 |b U527 
100 |a Huỳnh, Tố Uyên 
245 0 |a Pháp luật thuế tài nguyên - Thực trạng áp dụng đối với hoạt động khai thác đá : 
245 0 |b Luận văn Thạc sĩ Luật học. Chuyên ngành Luật Kinh tế 
245 0 |c Huỳnh Tố Uyên ; Lê Thị Nguyệt Châu (Cán bộ hướng dẫn) 
260 |a Cần Thơ 
260 |b Trường Đại học Cần Thơ 
260 |c 2017 
520 |a Nghiên cứu phân tích và làm rõ các quy định pháp luật về thuế tài nguyên đối với hoạt động khai thác đá. 
650 |a Tax,Thuế 
650 |x Law and legislation,Luật và pháp chế 
980 |a Trung tâm Học liệu Trường Đại học Cần Thơ